Republic of Moldova : Technical Assistance Report-Financial Sector Stability Review.

The mission conducted a diagnostic review of the financial system and proposes a Technical Assistance Roadmap (TARM) to support the authorities' efforts to strengthen their detection of risks and vulnerabilities and to enhance capacity in financial sector oversight and development. Two modules...

Fuld beskrivelse

Bibliografiske detaljer
Institution som forfatter: International Monetary Fund. Monetary and Capital Markets Department
Format: Tidsskrift
Sprog:English
Udgivet: Washington, D.C. : International Monetary Fund, 2022.
Serier:IMF Staff Country Reports; Country Report ; No. 2022/030
Fag:
Online adgang:Full text available on IMF
LEADER 02078cas a2200277 a 4500
001 AALejournalIMF022425
008 230101c9999 xx r poo 0 0eng d
020 |c 5.00 USD 
020 |z 9798400201363 
022 |a 1934-7685 
040 |a BD-DhAAL  |c BD-DhAAL 
110 2 |a International Monetary Fund.  |b Monetary and Capital Markets Department. 
245 1 0 |a Republic of Moldova :   |b Technical Assistance Report-Financial Sector Stability Review. 
264 1 |a Washington, D.C. :  |b International Monetary Fund,  |c 2022. 
300 |a 1 online resource (61 pages) 
490 1 |a IMF Staff Country Reports 
500 |a <strong>Off-Campus Access:</strong> No User ID or Password Required 
500 |a <strong>On-Campus Access:</strong> No User ID or Password Required 
506 |a Electronic access restricted to authorized BRAC University faculty, staff and students 
520 3 |a The mission conducted a diagnostic review of the financial system and proposes a Technical Assistance Roadmap (TARM) to support the authorities' efforts to strengthen their detection of risks and vulnerabilities and to enhance capacity in financial sector oversight and development. Two modules were undertaken during this FSSR mission. The financial stability module focused on areas agreed with the NBM and NCFM during the scoping stage: financial sector oversight, financial stability (macroprudential framework, systemic risk assessment, and stress testing), financial crisis management, financial inclusion and capital markets development. The financial sector statistics module focused on key data gaps hampering financial stability analysis as well as statistical reporting to the IMF's Statistics Department. 
538 |a Mode of access: Internet 
650 7 |a International Agreements and Observance  |2 imf 
650 7 |a International Organizations  |2 imf 
650 7 |a Monetary Policy  |2 imf 
830 0 |a IMF Staff Country Reports; Country Report ;  |v No. 2022/030 
856 4 0 |z Full text available on IMF  |u http://elibrary.imf.org/view/journals/002/2022/030/002.2022.issue-030-en.xml  |z IMF e-Library